000 00711nam a2200241Ia 4500
003 OSt
005 20220925202714.0
006 a|||||r|||| 00| 0
007 ta
008 220923b |||||||| |||| 00| 0 eng d
037 _cGeneral Book
040 _aRTL
_cRTL
_beng
041 _2eng
_aeng
082 _aT:2.N64, K6/TD1
110 _aReport of the Education Commission 1964-65
_9264171
245 0 _aEducation and National Development
260 _aDelhi
_bThe Manager of Publications
_c1966
300 _a692p
_ccm.
650 _aEducation
700 _aReport of the Education Commission 1964-65
_9264172
942 _hT:2.N64, K6/TD1
_cGB
_2CC
999 _c543800
_d543800